000 00497nam a22001577a 4500
005 20251108163352.0
008 250721s1985 xx 000 0 ara d
082 1 4 _a320.12/فتح
100 1 _aأبو عيانه، فتحي محمد
245 1 0 _aدراسات في الجغرافيا السياسية /
264 1 _aالإسكندريه :
_bدار المعرفة الجامعية،
_c1985.
300 _a430ص
650 1 7 _aالجغرافيا السياسية
942 _2ddc
_cBK
999 _c947
_d947